| 000 | 00694nam a2200241Ia 4500 | ||
|---|---|---|---|
| 003 | OSt | ||
| 005 | 20221005122011.0 | ||
| 006 | a|||||r|||| 00| 0 | ||
| 007 | ta | ||
| 008 | 221004b |||||||| |||| 00| 0 eng d | ||
| 024 | _a58153 | ||
| 037 | _cTextual | ||
| 040 |
_aCRL _cCRL _beng |
||
| 041 |
_2eng _aeng |
||
| 082 | _aV2:241tN54, J5 | ||
| 110 |
_aIndian National Congress, General Secretaries. _9631351 |
||
| 245 | 0 |
_aIndian National Congress, General Secretaries., 1954-55 _b Report |
|
| 260 | _c1955 | ||
| 650 | _aHISTORY | ||
| 700 |
_aIndian National Congress, General Secretaries. _9631352 |
||
| 942 |
_hV2:241tN54, J5 _cTEXL _2cc |
||
| 999 |
_c1042954 _d1042954 |
||